000 01814nam a2200553 i 4500
001 54875
003 KOSZ 005
005 20220330092851.0
008 031121s2003 pl a |000 0 pol
015 _aUWD 2003/22085
020 _a8372740542
035 _a991021940689705066
035 _a(PL-WaBN)b15925584-48omnis_nlop
035 _ab15925584
035 _a(OCoLC)749248460
035 _azz2003914784
035 _a(PL)b0000001592558
035 _a(EXLNZ-48OMNIS_NETWORK)9910444188705606
040 _aWA N
_cWA N
_dKOSZ 005/HR
041 0 _apol
046 _k2003
080 _a63
080 _a57.08
080 _a519.2
080 _a(075.8)
100 1 _aMądry, Wiesław
_eAutor
245 1 0 _aDoświadczalnictwo :
_bdoświadczenia czynnikowe : wykłady i ćwiczenia /
_cWiesław Mądry.
250 _aWyd. 3.
260 _aWarszawa :
_bFundacja "Rozwój SGGW [Szkoły Głównej Gospodarstwa Wiejskiego]",
_c2003.
300 _a139 s. :
_bil. ;
_c24 cm.
336 _aTekst
_btxt
_2rdacontent
337 _aBez urządzenia pośredniczącego
_bn
_2rdamedia
338 _aWolumin
_bnc
_2rdacarrier
380 _aKsiążki
388 _a2001-
490 1 _aWykłady ze Statystyki i Doświadczalnictwa ;
_v7
504 _aBibliogr.
650 7 _aRolnictwo doświadczalne
_2DBN
650 7 _aMetody badawcze
650 7 _aStatystyka matematyczna
_2DBN
655 7 _aPodręczniki akademickie
_2DBN
658 _aMatematyka
658 _aRolnictwo i leśnictwo
710 2 _aWydawnictwo SGGW
_4pbl
830 0 _aWykłady ze Statystyki i Doświadczalnictwa
_v7
856 _uhttp://koha.tu.koszalin.pl/cgi-bin/koha/opac-detail.pl?biblionumber=54875
_yKatalog online BPK
942 _2UKD
_cKS
999 _c54875
_d54875